| 000 | 01037cam a2200337 a 4500 | ||
|---|---|---|---|
| 001 | 15416573 | ||
| 003 | OSt | ||
| 005 | 20140310181955.0 | ||
| 008 | 080818r20081826nyu 000 1 eng | ||
| 010 | _a 2008541590 | ||
| 020 | _a9782894295892 | ||
| 035 | _a(DLC)15416573 | ||
| 035 | _a(DLC)2008541590 | ||
| 040 |
_aDLC _cDLC _dDLC |
||
| 043 | _an-us--- | ||
| 050 | 0 |
_aPZ 7 _b.C776 1992 |
|
| 082 |
_aGS 823 _bC78l 1992 |
||
| 100 | 0 |
_aCooper, James Fenimore, _d1789-1851. _94638 |
|
| 245 | 1 | 4 |
_aThe last of the Mohicans / _cJames Fenimore Cooper. |
| 260 |
_aCanada : _bTormont Publications, _cc1992. |
||
| 300 |
_a47 p. _c29 cm. _bill. ; |
||
| 490 | 0 | _aEnriched classic | |
| 541 | _j1 | ||
| 562 | _e1 | ||
| 650 |
_aAdventures _xFiction _921760 |
||
| 655 | 7 |
_aHistorical fiction. _2gsafd _92926 |
|
| 710 | 2 |
_aCopyright Paperback Collection (Library of Congress) _5DLC _9705 |
|
| 906 |
_a7 _bcbc _corignew _d2 _encip _f20 _gy-gencatlg |
||
| 942 |
_2lcc _cBK-GS |
||
| 999 |
_c7916 _d7916 |
||